000 00511cam a22001814a 4500
005 20250605163455.0
008 250528s ||||||||||||||||||||||||d
035 _a20082
020 _a103519
040 _aGR-AtMCL
_bgre
_dGR-AtMCL
_eAACR2
245 1 _aCommunication Arts Illustration Annual 39
260 _bAbc,
_c1998
300 _a236
520 _aAdvertising, Books, Editorial, For Sale, Institutional, Self-Promotion, Unpublished.
942 _cBK
999 _c5229
_d5229